[Event "GER-chT Lands U20"]
[Site "Tuebingen"]
[Date "2024.10.05"]
[Round "5"]
[White "Brunner, Sophia"]
[Black "Roessling, Laura Marie"]
[Result "1-0"]
[WhiteElo "1863"]
[BlackElo "1624"]
[PlyCount "133"]
[EventDate "2024.10.03"]
[EventType "team-swiss"]
[EventRounds "7"]
[EventCountry "GER"]
[SourceTitle "CB47_2024"]
[SourceDate "2024.11.20"]
[SourceVersion "1"]
[SourceVersionDate "2024.11.20"]
[SourceQuality "1"]

1. c4 e5 2. g3 Nf6 3. Bg2 Be7 4. Nf3 Nc6 5. 0-0 0-0 6. Nc3 d6 7. b3 Bf5 8. d4 Rb8 9. Bb2 Re8 10. a3 a6 11. b4 b5 12. cxb5 axb5 13. Rc1 exd4 14. Nxb5 Rxb5 15. Rxc6 Be4 16. Nxd4 Bxc6 17. Bxc6 Rb8 18. Bxe8 Qxe8 19. Nf5 h6 20. Qc2 c5 21. bxc5 dxc5 22. Nxe7+ Qxe7 23. Bxf6 gxf6 24. Rc1 Rd8 25. e3 Qe5 26. Kg2 Qd5+ 27. e4 Qd4 28. Qe2 Re8 29. Rc4 Qd6 30. Qg4+ Kh7 31. Qf5+ Kg7 32. Qxc5 Qxc5 33. Rxc5 Rxe4 34. Kf3 f5 35. Rb5 Kg6 36. Rb4 Re1 37. Kf4 f6 38. h4 h5 39. f3 Ra1 40. a4 Ra3 41. g4 hxg4 42. fxg4 fxg4 43. Kxg4 f5+ 44. Kf4 Rh3 45. Rb6+ Kf7 46. Kg5 Rc3 47. Rf6+ Kg7 48. Rxf5 Rc4 49. Rf4 Rc5+ 50. Kg4 Kg6 51. Rb4 Ra5 52. Kf4 Rh5 53. Ke3 Kf6 54. Kd3 Ke6 55. Rd4 Rc5 56. Rc4 Ra5 57. Kc3 Re5 58. Kb4 Re1 59. Kc5 Re5+ 60. Kc6 Ke7 61. Kb6 Rd5 62. a5 Kd7 63. a6 Rd1 64. Rb4 Rd6+ 65. Kb7 Ke7 66. a7 Rd7+ 67. Ka6 1-0

[Event "GER-chT U20 Girls"]
[Site "Magdeburg"]
[Date "2023.12.30"]
[Round "7.1"]
[White "Brunner, Sophia"]
[Black "Hoffmann, Sophia"]
[Result "1-0"]
[WhiteElo "1777"]
[BlackElo "1423"]
[PlyCount "157"]
[EventDate "2023.12.26"]
[EventType "team-swiss"]
[EventRounds "7"]
[EventCountry "GER"]
[SourceTitle "CBM 218 Extra"]
[Source "ChessBase"]
[SourceDate "2024.03.31"]
[SourceVersion "1"]
[SourceVersionDate "2024.03.31"]
[SourceQuality "1"]
[WhiteTeam "Nordhorn Blanke"]
[BlackTeam "Karlsruhe SF"]
[WhiteTeamCountry "GER"]
[BlackTeamCountry "GER"]

1. d4 d5 2. Nf3 Nf6 3. g3 c6 4. Bg2 Bf5 5. 0-0 e6 6. b3 Bd6 7. Bb2 Nbd7 8. Nbd2 Qc7 9. c4 c5 10. cxd5 exd5 11. dxc5 Bxc5 12. Nd4 Be6 13. N2f3 0-0 14. Qd3 Qb6 15. e3 Ne4 16. Nd2 Nxd2 17. Qxd2 Nf6 18. Qd3 Rac8 19. Ne2 Rfd8 20. Bd4 Bxd4 21. Nxd4 Qa5 22. Qb5 Qxb5 23. Nxb5 Rc5 24. Nd4 Rdc8 25. Rfd1 Kf8 26. f3 Ke7 27. Kf2 Nd7 28. Ke2 Ne5 29. Kd2 Nc6 30. Nxc6+ R8xc6 31. Rdc1 Rxc1 32. Rxc1 Rxc1 33. Kxc1 Kd6 34. Kd2 Kc5 35. Kc3 a5 36. a3 f6 37. Bf1 Bf7 38. b4+ axb4+ 39. axb4+ Kc6 40. Kd4 Kd6 41. Bd3 g6 42. Bb5 b6 43. Ba4 Be6 44. Bb3 f5 45. h4 b5 46. Ba2 h6 47. Bb3 g5 48. hxg5 hxg5 49. Ba2 g4 50. fxg4 fxg4 51. e4 dxe4 52. Bxe6 Kxe6 53. Kxe4 Kd6 54. Kd4 Ke6 55. Kc5 Ke5 56. Kxb5 Ke4 57. Kc6 Kf3 58. b5 Kxg3 59. b6 Kh3 60. b7 g3 61. b8Q g2 62. Qh8+ Kg3 63. Qg7+ Kf2 64. Qf6+ Ke2 65. Qg5 Kf2 66. Qf4+ Ke2 67. Qg3 Kf1 68. Qf3+ Kg1 69. Kd5 Kh2 70. Qf2 Kh1 71. Qh4+ Kg1 72. Ke4 Kf1 73. Qf4+ Ke1 74. Qg3+ Kf1 75. Qf3+ Kg1 76. Ke3 Kh2 77. Qf2 Kh1 78. Qh4+ Kg1 79. Kf3 1-0

[Event "GER-chT U20 Girls"]
[Site "Magdeburg"]
[Date "2023.12.28"]
[Round "3.2"]
[White "Brunner, Sophia"]
[Black "Malinowsky, Celina"]
[Result "1/2-1/2"]
[WhiteElo "1777"]
[BlackElo "1530"]
[PlyCount "113"]
[EventDate "2023.12.26"]
[EventType "team-swiss"]
[EventRounds "7"]
[EventCountry "GER"]
[SourceTitle "CBM 218 Extra"]
[Source "ChessBase"]
[SourceDate "2024.03.31"]
[SourceVersion "1"]
[SourceVersionDate "2024.03.31"]
[SourceQuality "1"]
[WhiteTeam "Nordhorn Blanke"]
[BlackTeam "Luebeck"]
[WhiteTeamCountry "GER"]
[BlackTeamCountry "GER"]

1. d4 d5 2. c4 e6 3. Nf3 Nf6 4. Nc3 Be7 5. cxd5 exd5 6. Bg5 c6 7. e3 Nbd7 8. Bd3 0-0 9. 0-0 Re8 10. Qc2 Nf8 11. h3 h6 12. Bh4 N6h7 13. Bg3 Ng5 14. Nxg5 Bxg5 15. b4 Be7 16. Rab1 Bd6 17. Bxd6 Qxd6 18. b5 Bd7 19. bxc6 Bxc6 20. Ne2 Rac8 21. Qd1 Nd7 22. Ng3 g6 23. Re1 Nf6 24. Qd2 Kg7 25. Qa5 a6 26. Ne2 Qc7 27. Qb4 Qe7 28. Qb2 Qd6 29. Nf4 Re7 30. Rec1 Rec7 31. Qb6 Nd7 32. Qa5 b6 33. Qd2 Bb7 34. Rxc7 Rxc7 35. Qe2 a5 36. Qb2 Ba8 37. Be2 Rc8 38. Bf3 Rc4 39. Qb5 Bc6 40. Qb2 Rb4 41. Qc1 Rxb1 42. Qxb1 b5 43. Be2 b4 44. Qc2 Nb6 45. Nd3 Bb5 46. Nc5 Bxe2 47. Qxe2 Nc4 48. Qc2 Qc6 49. g3 Kf6 50. e4 Kg7 51. e5 Na3 52. Qd3 Nb5 53. f4 Nc3 54. a3 Qb5 55. Qxb5 Nxb5 56. axb4 axb4 57. Nb3 1/2-1/2

[Event "GER-chT U20 Girls"]
[Site "Magdeburg"]
[Date "2023.12.28"]
[Round "4.2"]
[White "Neininger, Sarah"]
[Black "Brunner, Sophia"]
[Result "0-1"]
[WhiteElo "1611"]
[BlackElo "1777"]
[PlyCount "108"]
[EventDate "2023.12.26"]
[EventType "team-swiss"]
[EventRounds "7"]
[EventCountry "GER"]
[SourceTitle "CBM 218 Extra"]
[Source "ChessBase"]
[SourceDate "2024.03.31"]
[SourceVersion "1"]
[SourceVersionDate "2024.03.31"]
[SourceQuality "1"]
[WhiteTeam "Offenbach"]
[BlackTeam "Nordhorn Blanke"]
[WhiteTeamCountry "GER"]
[BlackTeamCountry "GER"]

1. e4 e6 2. d4 d5 3. Bd3 Nf6 4. e5 Nfd7 5. f4 c5 6. c3 Nc6 7. Nf3 cxd4 8. cxd4 Be7 9. 0-0 Qb6 10. Bc2 Nxd4 11. Be3 Nxf3+ 12. Rxf3 Bc5 13. Bxc5 Qxc5+ 14. Kh1 b6 15. Nd2 Qe7 16. Nb3 f5 17. exf6 Nxf6 18. Nd4 0-0 19. Qe1 Qf7 20. f5 exf5 21. Nxf5 Bxf5 22. Bxf5 Rae8 23. Qh4 g6 24. Bd3 Qg7 25. Raf1 Nd7 26. Qg3 Ne5 27. Rxf8+ Rxf8 28. Rxf8+ Kxf8 29. Qf4+ Ke7 30. Qg5+ Qf6 31. Qe3 Kd6 32. Qd4 Nd7 33. Qxf6+ Nxf6 34. Kg1 Ke5 35. Kf2 Kd4 36. Ke2 Ng4 37. h3 Ne5 38. Ba6 Nc4 39. b3 Nd6 40. Bd3 Ne4 41. a4 Nc5 42. Bc2 Kc3 43. Bd1 Nxb3 44. Ke3 Na5 45. Kf4 Nc4 46. Kg5 Ne3 47. Bf3 d4 48. Kh6 Nf5+ 49. Kxh7 d3 50. Bg4 Kc2 51. Kxg6 Nh4+ 52. Kg5 Nxg2 53. h4 Nxh4 54. Kxh4 d2 0-1

[Event "GER-chT U20 Girls"]
[Site "Muenster"]
[Date "2022.12.28"]
[Round "4"]
[White "Brunner, Sophia"]
[Black "Grining, Maria"]
[Result "1/2-1/2"]
[WhiteElo "1832"]
[BlackElo "1758"]
[PlyCount "45"]
[EventDate "2022.12.26"]
[EventType "team-swiss"]
[EventRounds "7"]
[EventCountry "GER"]
[SourceTitle "CBM 212 Extra"]
[Source "ChessBase"]
[SourceDate "2023.03.31"]
[SourceVersion "1"]
[SourceVersionDate "2023.03.31"]
[SourceQuality "1"]
[WhiteTeam "Nordhorn Blanke"]
[BlackTeam "Karlsruhe"]
[WhiteTeamCountry "GER"]
[BlackTeamCountry "GER"]

1. d4 d6 2. c4 e5 3. dxe5 dxe5 4. Qxd8+ Kxd8 5. a3 Be6 6. e4 Nc6 7. Nf3 Nd4 8. Nxd4 exd4 9. Nd2 c5 10. f4 g6 11. g3 a5 12. a4 Ne7 13. Nf3 Nc6 14. Bd2 h6 15. h3 Ra6 16. 0-0-0 Rb6 17. Kc2 Bg7 18. Bd3 Nb4+ 19. Bxb4 axb4 20. b3 Bd7 21. Rde1 Re8 22. g4 f6 23. Re2 1/2-1/2

[Event "GER-chT U20 Girls"]
[Site "Kiel"]
[Date "2022.07.23"]
[Round "2.4"]
[White "Fock, Sana"]
[Black "Brunner, Sophia"]
[Result "1/2-1/2"]
[WhiteElo "1807"]
[BlackElo "1804"]
[PlyCount "42"]
[EventDate "2022.07.22"]
[EventType "team-swiss"]
[EventRounds "7"]
[EventCountry "GER"]
[SourceTitle "CBM 209 Extra"]
[Source "ChessBase"]
[SourceDate "2022.09.30"]
[SourceVersion "1"]
[SourceVersionDate "2022.09.30"]
[SourceQuality "1"]
[WhiteTeam "Elmshorn"]
[BlackTeam "Nordhorn Blanke"]
[WhiteTeamCountry "GER"]
[BlackTeamCountry "GER"]

1. e4 e6 2. d4 d5 3. Nd2 Nc6 4. c3 e5 5. dxe5 Nxe5 6. Ngf3 Bg4 7. Be2 Nxf3+ 8. Bxf3 Bxf3 9. Nxf3 dxe4 10. Qa4+ c6 11. Qxe4+ Qe7 12. Qxe7+ Nxe7 13. Nd4 0-0-0 14. 0-0 Nd5 15. a4 Bc5 16. Nb3 Bd6 17. Bg5 f6 18. Bd2 Rhe8 19. Rfe1 g6 20. h3 Kd7 21. Kf1 b6 1/2-1/2

[Event "GER-ch Blitz (Women)"]
[Site "Magdeburg"]
[Date "2021.08.01"]
[Round "4"]
[White "Brunner, Sophia"]
[Black "Hofmann, Karina"]
[Result "1-0"]
[WhiteElo "1879"]
[BlackElo "1704"]
[PlyCount "51"]
[EventDate "2021.08.01"]
[EventType "tourn (blitz)"]
[EventRounds "21"]
[EventCountry "GER"]
[SourceTitle "CBM 203 Extra"]
[Source "ChessBase"]
[SourceDate "2021.09.30"]
[SourceVersion "1"]
[SourceVersionDate "2021.09.30"]
[SourceQuality "1"]

1. d4 b6 2. Nc3 Bb7 3. e4 g6 4. Be3 Bg7 5. Qd2 e6 6. f3 Ne7 7. Nge2 0-0 8. g4 d6 9. h4 c5 10. h5 f5 11. 0-0-0 fxg4 12. fxg4 Nbc6 13. Bh6 Nxd4 14. Nxd4 Bxd4 15. Bxf8 Qxf8 16. Bc4 d5 17. exd5 exd5 18. Bd3 Qg7 19. hxg6 Nxg6 20. Bf5 Bc8 21. Qg2 Rb8 22. Qxd5+ Qf7 23. Qxf7+ Kxf7 24. Rxh7+ Kg8 25. Bxg6 Bxc3 26. Rd8# 1-0

[Event "GER-ch Blitz (Women)"]
[Site "Magdeburg"]
[Date "2021.08.01"]
[Round "8"]
[White "Brunner, Sophia"]
[Black "Muetsch, Annmarie"]
[Result "0-1"]
[WhiteElo "1879"]
[BlackElo "2259"]
[PlyCount "134"]
[EventDate "2021.08.01"]
[EventType "tourn (blitz)"]
[EventRounds "21"]
[EventCountry "GER"]
[SourceTitle "CBM 203 Extra"]
[Source "ChessBase"]
[SourceDate "2021.09.30"]
[SourceVersion "1"]
[SourceVersionDate "2021.09.30"]
[SourceQuality "1"]

1. d4 d6 2. e4 Nf6 3. Nc3 e5 4. dxe5 dxe5 5. Qxd8+ Kxd8 6. Bc4 Ke8 7. Nf3 Bd6 8. Nb5 Ke7 9. Bg5 a6 10. Bxf6+ Kxf6 11. Nxd6 cxd6 12. 0-0-0 Rd8 13. h3 h6 14. Rd2 Nc6 15. Rhd1 Ke7 16. a3 b5 17. Bd5 Bb7 18. Bxc6 Bxc6 19. Re2 Rac8 20. Ne1 a5 21. Nd3 g5 22. f3 f5 23. Nf2 fxe4 24. fxe4 Rf8 25. Ng4 h5 26. Nh6 Bd7 27. g4 Rf3 28. Nf5+ Bxf5 29. gxf5 Rxh3 30. Red2 Rc6 31. f6+ Ke6 32. Rf1 Rc7 33. Rdf2 Rf7 34. Rf5 g4 35. Kd2 Rf3 36. R5xf3 gxf3 37. Rxf3 Rxf6 38. Rh3 Rh6 39. Ke3 d5 40. exd5+ Kxd5 41. Rh4 Rc6 42. c3 Rh6 43. Kd3 Rh8 44. b3 Rh7 45. c4+ bxc4+ 46. bxc4+ Kc5 47. Re4 Kd6 48. Rh4 Ke6 49. Ke4 Rc7 50. Rxh5 Rxc4+ 51. Kd3 Ra4 52. Rh6+ Kd5 53. Rh8 Rxa3+ 54. Kd2 a4 55. Rb8 Rh3 56. Rb5+ Kd6 57. Rb6+ Kc5 58. Re6 Kd4 59. Rd6+ Ke4 60. Ra6 a3 61. Ra4+ Kf5 62. Ke1 e4 63. Kf2 Kf4 64. Ra5 Rb3 65. Ra8 Rb2+ 66. Ke1 a2 67. Kd1 Rb1+ 0-1

[Event "GER-ch Blitz (Women)"]
[Site "Magdeburg"]
[Date "2021.08.01"]
[Round "2"]
[White "Brunner, Sophia"]
[Black "Schlueter, Sabrina"]
[Result "1-0"]
[WhiteElo "1879"]
[BlackElo "1790"]
[PlyCount "43"]
[EventDate "2021.08.01"]
[EventType "tourn (blitz)"]
[EventRounds "21"]
[EventCountry "GER"]
[SourceTitle "CBM 203 Extra"]
[Source "ChessBase"]
[SourceDate "2021.09.30"]
[SourceVersion "1"]
[SourceVersionDate "2021.09.30"]
[SourceQuality "1"]

1. d4 c6 2. c4 g6 3. Nc3 Bg7 4. e4 d6 5. Be3 Nf6 6. h3 0-0 7. Nf3 Nbd7 8. Be2 Re8 9. 0-0 e5 10. d5 c5 11. a3 a6 12. b4 cxb4 13. axb4 Nb6 14. c5 dxc5 15. bxc5 Nbd7 16. c6 bxc6 17. dxc6 Nf8 18. Qa4 Qc7 19. Rab1 Re6 20. Nd5 Qxc6 21. Qxc6 Rxc6 22. Ne7+ 1-0

[Event "GER-ch Blitz (Women)"]
[Site "Magdeburg"]
[Date "2021.08.01"]
[Round "12"]
[White "Brunner, Sophia"]
[Black "Zschischang, Marine"]
[Result "1-0"]
[WhiteElo "1879"]
[BlackElo "2070"]
[PlyCount "111"]
[EventDate "2021.08.01"]
[EventType "tourn (blitz)"]
[EventRounds "21"]
[EventCountry "GER"]
[SourceTitle "CBM 203 Extra"]
[Source "ChessBase"]
[SourceDate "2021.09.30"]
[SourceVersion "1"]
[SourceVersionDate "2021.09.30"]
[SourceQuality "1"]

1. d4 e6 2. Nf3 d5 3. g3 c6 4. Bg2 Be7 5. 0-0 Nd7 6. b3 f5 7. Bb2 Ngf6 8. Nbd2 Ne4 9. c4 g5 10. Rc1 h5 11. Nxe4 fxe4 12. Ne5 Nxe5 13. dxe5 Bf8 14. Qc2 Bg7 15. Rfd1 Qe7 16. f3 exf3 17. Qg6+ Qf7 18. Qxf7+ Kxf7 19. exf3 Bd7 20. c5 Rhf8 21. Bd4 Kg6 22. Rf1 Bh6 23. Rc2 Kg7 24. Rcf2 Kg6 25. h3 Rf7 26. Kh2 Raf8 27. a3 Bg7 28. a4 Rf5 29. f4 gxf4 30. gxf4 Bh6 31. Kg3 Rg8 32. Be3 Kf7+ 33. Kh2 Rg7 34. Bf3 Ke7 35. Be2 h4 36. Bd3 Rf8 37. Rf3 Rfg8 38. R1f2 Rg1 39. Be2 Rb1 40. Bd3 Rxb3 41. Bh7 Rg7 42. Bc2 Rb4 43. f5 Bxe3 44. Rxe3 Rxa4 45. f6+ Kf7 46. fxg7+ Kxg7 47. Bxa4 Be8 48. Rf6 Bf7 49. Ref3 Bg8 50. R3f4 b5 51. cxb6 axb6 52. Bxc6 Kh7 53. Rxh4+ Kg7 54. Rg4+ Kh7 55. Rxg8 Kxg8 56. Rxe6 1-0

[Event "GER-ch Blitz (Women)"]
[Site "Magdeburg"]
[Date "2021.08.01"]
[Round "17"]
[White "Moenster, Madita"]
[Black "Brunner, Sophia"]
[Result "1-0"]
[WhiteElo "1875"]
[BlackElo "1879"]
[PlyCount "99"]
[EventDate "2021.08.01"]
[EventType "tourn (blitz)"]
[EventRounds "21"]
[EventCountry "GER"]
[SourceTitle "CBM 203 Extra"]
[Source "ChessBase"]
[SourceDate "2021.09.30"]
[SourceVersion "1"]
[SourceVersionDate "2021.09.30"]
[SourceQuality "1"]

1. e4 e6 2. d4 d5 3. Nc3 dxe4 4. Nxe4 Nf6 5. Bg5 Be7 6. Bxf6 Bxf6 7. c3 0-0 8. Bd3 h6 9. Nf3 Nd7 10. 0-0 Qe7 11. Re1 c5 12. Nxf6+ Nxf6 13. Bc2 cxd4 14. Qxd4 b6 15. Rad1 Bb7 16. Ne5 Rad8 17. Qe3 Rxd1 18. Rxd1 Rd8 19. Qe2 Rd6 20. Nc4 Rd5 21. Ne3 Rxd1+ 22. Qxd1 Qd7 23. Qxd7 Nxd7 24. Nc4 Bd5 25. b3 Bxc4 26. bxc4 Nc5 27. f3 Kf8 28. Kf2 Ke7 29. Ke3 Kd6 30. Kd4 e5+ 31. Ke3 Nd7 32. g3 Nb8 33. f4 Nc6 34. Ke4 f6 35. a4 Na5 36. Bd3 Nb3 37. fxe5+ fxe5 38. Kf5 Nc5 39. Bc2 a5 40. Kg6 Ne6 41. Bf5 Nc5 42. Kxg7 Nxa4 43. Kxh6 Nxc3 44. g4 e4 45. g5 e3 46. Bd3 e2 47. Bxe2 Nxe2 48. g6 a4 49. g7 Nf4 50. g8Q 1-0

[Event "GER-ch Blitz (Women)"]
[Site "Magdeburg"]
[Date "2021.08.01"]
[Round "5"]
[White "Voicu Jagodzinsky, Carmen"]
[Black "Brunner, Sophia"]
[Result "1-0"]
[WhiteElo "2247"]
[BlackElo "1879"]
[PlyCount "59"]
[EventDate "2021.08.01"]
[EventType "tourn (blitz)"]
[EventRounds "21"]
[EventCountry "GER"]
[SourceTitle "CBM 203 Extra"]
[Source "ChessBase"]
[SourceDate "2021.09.30"]
[SourceVersion "1"]
[SourceVersionDate "2021.09.30"]
[SourceQuality "1"]

1. e4 e6 2. d3 d5 3. Qe2 dxe4 4. dxe4 e5 5. Nf3 Bd6 6. c3 h6 7. h3 Nf6 8. Qc2 Nbd7 9. Be3 Nc5 10. Nbd2 Qe7 11. b4 Ncd7 12. Bc4 0-0 13. 0-0 Nb6 14. Bb3 c5 15. a3 Bd7 16. Rfd1 Rac8 17. Qa2 c4 18. Bc2 Be6 19. a4 Rc7 20. a5 Nc8 21. Nf1 Nh5 22. Rd2 g5 23. N1h2 f5 24. exf5 Bxf5 25. Bxf5 Rxf5 26. Qc2 Qe6 27. Rad1 Be7 28. Ng4 e4 29. Nd4 Qf7 30. Nxf5 1-0

[Event "GER-ch (Women)"]
[Site "Magdeburg"]
[Date "2021.07.31"]
[Round "9"]
[White "Bardorz, Jana"]
[Black "Brunner, Sophia"]
[Result "1-0"]
[WhiteElo "1883"]
[BlackElo "1918"]
[PlyCount "129"]
[EventDate "2021.07.25"]
[EventType "swiss"]
[EventRounds "9"]
[EventCountry "GER"]
[SourceTitle "CBM 203 Extra"]
[Source "ChessBase"]
[SourceDate "2021.09.30"]
[SourceVersion "1"]
[SourceVersionDate "2021.09.30"]
[SourceQuality "1"]

1. e4 c6 2. d4 d5 3. exd5 cxd5 4. Bd3 Nc6 5. c3 Qc7 6. Ne2 Bg4 7. 0-0 e6 8. Qe1 Bxe2 9. Qxe2 Nf6 10. Nd2 Bd6 11. Nf3 h6 12. Re1 Nd7 13. Bd2 0-0 14. g3 Rfe8 15. Rad1 a6 16. Bb1 b5 17. Qd3 Nf8 18. a3 Na5 19. Re2 Nc4 20. Bc1 f5 21. Rde1 Qf7 22. Nh4 g5 23. Ng2 Ra7 24. h4 Qf6 25. Qf3 g4 26. Qd3 Rae7 27. Nf4 Kh7 28. Nxe6 Rxe6 29. Qxf5+ Kg7 30. Qxg4+ Kh8 31. Rxe6 Rxe6 32. Rxe6 Qxe6 33. Qxe6 Nxe6 34. Bf5 Nc7 35. Kg2 Kg7 36. Kf3 Kf6 37. g4 Bf8 38. Bc2 Ne6 39. a4 Bg7 40. axb5 axb5 41. Ke2 Kf7 42. f4 b4 43. f5 Nc7 44. Ba4 bxc3 45. bxc3 Nd6 46. Bc6 Ne4 47. c4 Nd6 48. cxd5 h5 49. Bf4 Nce8 50. Bxe8+ Nxe8 51. d6 Nxd6 52. Bxd6 hxg4 53. Be5 Bf8 54. Kf2 Bh6 55. Kg3 Be3 56. Kxg4 Bd2 57. d5 Bc1 58. d6 Bd2 59. Bf4 Bb4 60. Kg5 Ba5 61. h5 Bd8+ 62. Kg4 Ba5 63. Bg5 Ke8 64. h6 Bc3 65. Kh5 1-0

[Event "GER-ch (Women)"]
[Site "Magdeburg"]
[Date "2021.07.28"]
[Round "5"]
[White "Pohle, Saskia"]
[Black "Brunner, Sophia"]
[Result "1/2-1/2"]
[WhiteElo "1755"]
[BlackElo "1918"]
[PlyCount "80"]
[EventDate "2021.07.25"]
[EventType "swiss"]
[EventRounds "9"]
[EventCountry "GER"]
[SourceTitle "CBM 203 Extra"]
[Source "ChessBase"]
[SourceDate "2021.09.30"]
[SourceVersion "1"]
[SourceVersionDate "2021.09.30"]
[SourceQuality "1"]

1. e4 c5 2. Nf3 Nc6 3. d4 cxd4 4. Nxd4 e5 5. Nb5 a6 6. Nd6+ Bxd6 7. Qxd6 Qf6 8. Qc7 Nge7 9. Nc3 Nb4 10. Bd3 d5 11. 0-0 0-0 12. Be2 Nxc2 13. Nxd5 Nxd5 14. Qxc2 Nf4 15. Bc4 b5 16. Bb3 Bb7 17. f3 Qb6+ 18. Kh1 Rac8 19. Qf2 Qxf2 20. Rxf2 Nd3 21. Rf1 a5 22. a3 a4 23. Ba2 Rfd8 24. Bg5 Rd7 25. b3 Ba6 26. Kg1 Nc5 27. bxa4 bxa4 28. Rfc1 h6 29. Be3 Rdc7 30. Rab1 Nd3 31. Rxc7 Rxc7 32. Rb6 Bc4 33. Bb1 Nc5 34. Bc2 Nb3 35. Rb4 Be6 36. Bd1 Rc3 37. Kf2 Rc4 38. Rxc4 Bxc4 39. Bxb3 Bxb3 40. Bc5 f6 1/2-1/2

[Event "GER-ch (Women)"]
[Site "Magdeburg"]
[Date "2021.07.27"]
[Round "4"]
[White "Brunner, Sophia"]
[Black "Von Herman, Brigitte"]
[Result "0-1"]
[WhiteElo "1918"]
[BlackElo "1991"]
[PlyCount "68"]
[EventDate "2021.07.25"]
[EventType "swiss"]
[EventRounds "9"]
[EventCountry "GER"]
[SourceTitle "CBM 203 Extra"]
[Source "ChessBase"]
[SourceDate "2021.09.30"]
[SourceVersion "1"]
[SourceVersionDate "2021.09.30"]
[SourceQuality "1"]

1. d4 d5 2. Bf4 c5 3. e3 cxd4 4. exd4 Nc6 5. c3 Bf5 6. Nd2 e6 7. Ngf3 a6 8. Be2 Nf6 9. Ne5 Nxe5 10. Bxe5 Be7 11. Qb3 Qd7 12. 0-0 0-0 13. h3 h6 14. Qd1 b5 15. a3 a5 16. Bxf6 gxf6 17. g4 Bh7 18. f4 b4 19. cxb4 axb4 20. a4 Rfc8 21. Bb5 Qa7 22. Nf3 Rc2 23. Rf2 Rac8 24. Ne1 Rxf2 25. Kxf2 Be4 26. Ke3 e5 27. f5 exd4+ 28. Ke2 Qc7 29. Kf1 Qf4+ 30. Ke2 Qe3+ 31. Kf1 Qxh3+ 32. Kf2 Bd6 33. Bf1 Qg3+ 34. Ke2 Qe3# 0-1

[Event "Dortmund NRW Cup U20 Girls"]
[Site "Dortmund"]
[Date "2021.07.17"]
[Round "7"]
[White "Brunner, Sophia"]
[Black "Becker, Linda"]
[Result "1-0"]
[WhiteElo "1918"]
[BlackElo "1793"]
[PlyCount "89"]
[EventDate "2021.07.13"]
[EventType "tourn"]
[EventRounds "9"]
[EventCountry "GER"]
[SourceTitle "CBM 203 Extra"]
[Source "ChessBase"]
[SourceDate "2021.09.30"]
[SourceVersion "1"]
[SourceVersionDate "2021.09.30"]
[SourceQuality "1"]

1. d4 d5 2. Nf3 e6 3. g3 Nf6 4. Bg2 c5 5. 0-0 cxd4 6. Nxd4 e5 7. Nb3 Be7 8. Nc3 Be6 9. Bg5 e4 10. Nd4 0-0 11. Nxe6 fxe6 12. Bh3 Qb6 13. Rb1 Nbd7 14. Nxd5 exd5 15. Bxd7 Bc5 16. Bxf6 Rxf6 17. Qxd5+ Kh8 18. Qxe4 Bxf2+ 19. Kg2 Raf8 20. Bg4 Bc5 21. Rxf6 Rxf6 22. Bf3 Re6 23. Qc4 Re8 24. b4 Bd6 25. a3 a5 26. c3 axb4 27. cxb4 Bb8 28. Rf1 Qe3 29. Qd3 Qe7 30. Rd1 Ba7 31. e4 Qe5 32. Qc2 Bd4 33. a4 b6 34. Qc4 Be3 35. Qe2 Bd4 36. Rc1 Qg5 37. Rc4 Rd8 38. Bg4 Bc5 39. bxc5 Rd2 40. cxb6 Rxe2+ 41. Bxe2 h6 42. b7 Qe5 43. Rc8+ Kh7 44. b8Q Qxe4+ 45. Bf3 1-0

[Event "Dortmund NRW Cup U20 Girls"]
[Site "Dortmund"]
[Date "2021.07.15"]
[Round "4"]
[White "Trunz, Tamila"]
[Black "Brunner, Sophia"]
[Result "0-1"]
[WhiteElo "1379"]
[BlackElo "1918"]
[PlyCount "88"]
[EventDate "2021.07.13"]
[EventType "tourn"]
[EventRounds "9"]
[EventCountry "GER"]
[SourceTitle "CBM 203 Extra"]
[Source "ChessBase"]
[SourceDate "2021.09.30"]
[SourceVersion "1"]
[SourceVersionDate "2021.09.30"]
[SourceQuality "1"]

1. e4 c6 2. d4 d5 3. exd5 cxd5 4. c4 Nf6 5. Nc3 Nc6 6. Nf3 a6 7. Be2 g6 8. 0-0 Bg7 9. Bf4 0-0 10. Qd2 dxc4 11. Bxc4 b5 12. Bb3 Na5 13. Bc2 Nc4 14. Qc1 Bb7 15. Ne5 Qxd4 16. Nxc4 Qxc4 17. Re1 e6 18. a4 b4 19. Ne4 Nxe4 20. Bxe4 Qxc1 21. Bxc1 Bxe4 22. Rxe4 a5 23. Rb1 Rfd8 24. Bg5 Rd5 25. h4 Rc8 26. b3 Bd4 27. Kf1 Rc2 28. Rf4 f5 29. Rd1 e5 30. Rf3 Kf7 31. h5 Ke6 32. g4 e4 33. gxf5+ gxf5 34. Rf4 Be5 35. Rxd5 Bxf4 36. Bxf4 Kxd5 37. Be3 Rc3 38. Bb6 Rxb3 39. Bxa5 Kc4 40. Bb6 Rc3 41. a5 b3 42. a6 b2 43. a7 b1Q+ 44. Kg2 Ra3 0-1

[Event "Dortmund NRW Cup U20 Girls"]
[Site "Dortmund"]
[Date "2021.07.14"]
[Round "2"]
[White "Brunner, Sophia"]
[Black "Muedder, Melanie"]
[Result "0-1"]
[WhiteElo "1918"]
[BlackElo "1950"]
[PlyCount "86"]
[EventDate "2021.07.13"]
[EventType "tourn"]
[EventRounds "9"]
[EventCountry "GER"]
[SourceTitle "CBM 203 Extra"]
[Source "ChessBase"]
[SourceDate "2021.09.30"]
[SourceVersion "1"]
[SourceVersionDate "2021.09.30"]
[SourceQuality "1"]

1. d4 Nf6 2. c4 g6 3. f3 d5 4. cxd5 Nxd5 5. e4 Nb6 6. Nc3 Bg7 7. Be3 0-0 8. Qd2 e5 9. d5 c6 10. h4 Qe7 11. h5 N8d7 12. d6 Qe6 13. g4 Rd8 14. hxg6 fxg6 15. 0-0-0 Nf6 16. b3 Qe8 17. a4 Be6 18. Kb2 Nc8 19. Bc5 b6 20. Ba3 Bf8 21. Qg5 Bg7 22. Rh2 Qf7 23. d7 Ne7 24. Rhd2 Bxb3 25. Bxe7 Bxd1 26. Bxd8 Qb3+ 27. Kc1 Qxc3+ 28. Kxd1 Rxd8 29. Ke1 Qc1+ 30. Ke2 Qc4+ 31. Kf2 Qc5+ 32. Kg2 Qe7 33. Bc4+ Kf8 34. Nh3 Rxd7 35. Rc2 c5 36. Qe3 h6 37. g5 Ne8 38. gxh6 Bf6 39. f4 Nd6 40. fxe5 Qxe5 41. Bd5 Nf5 42. Qf2 Rxd5 43. exf5 Qe4+ 0-1

[Event "Dortmund NRW Cup U20 Girls"]
[Site "Dortmund"]
[Date "2021.07.13"]
[Round "1"]
[White "Sickmann, Lisa"]
[Black "Brunner, Sophia"]
[Result "0-1"]
[WhiteElo "1449"]
[BlackElo "1918"]
[PlyCount "45"]
[EventDate "2021.07.13"]
[EventType "tourn"]
[EventRounds "9"]
[EventCountry "GER"]
[SourceTitle "CBM 203 Extra"]
[Source "ChessBase"]
[SourceDate "2021.09.30"]
[SourceVersion "1"]
[SourceVersionDate "2021.09.30"]
[SourceQuality "1"]

1. e4 c5 2. Nf3 Nc6 3. d4 cxd4 4. Nxd4 e5 5. Nb5 a6 6. Nd6+ Bxd6 7. Qxd6 Qf6 8. Qc7 Nge7 9. Nc3 0-0 10. Be3 d5 11. exd5 Nb4 12. 0-0-0 Bg4 13. f3 Bf5 14. Bc5 Qg5+ 15. Rd2 Nexd5 16. Nxd5 Nxd5 17. Qxb7 Rfd8 18. h4 Qf4 19. g3 Qh6 20. g4 Be6 21. g5 Qh5 22. Bh3 Rab8 23. Qxa6 0-1